| 000 | 01246cad a22002415a 4500 | ||
|---|---|---|---|
| 001 | L145436 | ||
| 008 | 110419s20081003xxk f f000 0 eng d | ||
| 020 | _a9781409805755 | ||
| 035 | _a(Sirsi) u145436 | ||
| 041 | 0 | _aeng | |
| 050 | 0 | 4 | _a333.33 $2 18 |
| 110 | 2 |
_aUnited Kingdom _bDepartment for Communities and Local Government _94939 |
|
| 245 | 0 | 0 |
_aRequirements for energy performance certificates (EPCs) when marketing homes for sale or let _h[electronic resource] |
| 260 |
_aLondon _bDCLG _c2008 |
||
| 505 | 2 | _aSales of homes requiring a home improvement pack (HIP) -- Homes already on the market and homes not requiring a HIP -- Letting a home -- Q&A | |
| 520 | _aDescribes the scope and requirements of the regulations applying to Energy Performance Certificates (EPCs) when homes are being sold or let and offers guidance on how these are applied. | ||
| 521 | _aAdvanced | ||
| 590 | _aKA NTK | ||
| 651 | 4 |
_aUnited Kingdom _y |
|
| 690 | _aENVIRONMENTAL AND LAND CONSULTANCY-ENERGY-ENERGY USE-ENERGY EFFICIENCY | ||
| 856 | 4 | 0 |
_uhttps://tna.europarchive.org/20100519231747/http://www.communities.gov.uk/publications/planningandbuilding/epcrequirements _zView the item free of charge online at http://tna.europarchive.org |
| 942 | _n0 | ||
| 999 |
_c108792 _d108792 |
||